000 00784cab a2200265 4500
001 WB3322-26
008 090401t1997 xxu||||| |||| 00| 0 eng d
035 _a(Sirsi) u78776
041 _aeng
245 _aProperty`s figures get measured
260 _c1997
350 _a0
490 _aEstates Gazette
_v(9722) 31 May 1997, 50(1)
520 _aExamines the success of the FTAP benchmark launched by KPMG and Barber White to measure how well managed property companies are.
650 _aACCOUNTS
650 _aBARBER WHITE
650 _aBENCHMARKING
650 _aFTAP BENCHMARK
650 _aKPMG
650 _aPERFORMANCE
650 _aPROPERTY COMPANIES
690 _aMANAGEMENT-BUSINESS MANAGEMENT-PROFESSIONAL PRACTICE
942 _n0
948 _c06/06/1997
999 _c49521
_d49521